Cumbres borrascosas
Salvato in:
| Autore principale: | |
|---|---|
| Natura: | Libro |
| Lingua: | spagnolo |
| Pubblicazione: |
Ciudad de México
Porrua
1978
|
| Edizione: | 4a. ed |
| Serie: | Sepan cuántos, 119
|
| Soggetti: | |
| Tags: |
Aggiungi Tag
Nessun Tag, puoi essere il primo ad aggiungerne!!
|
MARC
| LEADER | 00000nam a2200000 a 4500 | ||
|---|---|---|---|
| 001 | UCY2224 | ||
| 003 | CL-VaPUC | ||
| 008 | 941017e19780000MX |||||||||||||||||spa|d | ||
| 082 | 0 | 4 | |a 823 |b BRO |2 21 |
| 100 | 0 | |a Bronte, Emily |e author |9 330269 | |
| 245 | 1 | 0 | |a Cumbres borrascosas |
| 250 | |a 4a. ed | ||
| 300 | |a 202 p | ||
| 942 | |c BK | ||
| 945 | |d 19941017 00:00:00 |a mfernand | ||
| 260 | |a Ciudad de México |b Porrua |c 1978 | ||
| 650 | 0 | |a Novelas inglesas |9 265220 | |
| 583 | |a last modification |c 19941017 00:00:00 |k Rodrigo Vera | ||
| 490 | 0 | |a Sepan cuántos, 119 | |
| 999 | |c 230689 |d 230687 | ||
| 952 | |0 0 |1 0 |4 0 |6 823_000000000000000_BRO_1978 |7 0 |8 P |9 233162 |a BIBARQ |b BIBARQ |d 2019-11-15 |i 302752K |l 1 |o 823 BRO 1978 |p 302752K |r 2025-01-20 |s 2023-05-25 |w 2019-11-15 |y BK |k ARQ | ||